| 000 | 00453nam a2200169Ia 4500 | ||
|---|---|---|---|
| 008 | 131128t2012 xxu||||| |||| 00| 0 sin d | ||
| 041 | _asin | ||
| 080 |
_aX8S31 _bRAT |
||
| 100 | _aRathnayaka, Yawwana Sameendra | ||
| 245 | _aසුළං කුරුල්ලෝ | ||
| 246 | _aSulan Kurullo | ||
| 260 |
_bTashen Publications _aMonaragala _c2012 |
||
| 300 | _a264p., 18 cm | ||
| 942 | _cBK | ||
| 999 |
_c74050 _d74050 |
||
| 003 | LK-CoDNM | ||
| 040 |
_aLK-CoDNM _dLK-CoDNM _eLK-CoDNM |
||